[Event "Baghdad op 6th"]
[Site "Baghdad"]
[Date "2018.03.19"]
[Round "9"]
[White "Noah, AH Al Ali"]
[Black "Kadhim, Najeeb"]
[Result "1-0"]
[WhiteElo "2299"]
[BlackElo "2078"]
[PlyCount "67"]
[EventDate "2018.03.14"]
[EventType "swiss"]
[EventRounds "9"]
[EventCountry "IRQ"]
[SourceTitle "CBM 183 Extra"]
[Source "ChessBase"]
[SourceDate "2018.04.19"]
[SourceVersion "1"]
[SourceVersionDate "2018.04.19"]
[SourceQuality "1"]

1. Nf3 d5 2. g3 c6 3. Bg2 Bf5 4. 0-0 Nd7 5. d3 e6 6. Nbd2 Ngf6 7. b3 Be7 8. Bb2 0-0 9. Qe1 Nc5 10. Nh4 Bg6 11. e4 Nfd7 12. Nxg6 hxg6 13. Qe2 a5 14. a3 Re8 15. h4 Nf8 16. f4 Bf6 17. e5 Be7 18. Kh2 Na6 19. h5 gxh5 20. Qxh5 g6 21. Qg4 f5 22. exf6 Bxf6 23. d4 Re7 24. Nf3 Nc7 25. Ne5 Rg7 26. c4 a4 27. b4 dxc4 28. Nxc4 Rh7+ 29. Bh3 Nd5 30. Rae1 Ne7 31. Rxe6 Nxe6 32. Qxe6+ Kg7 33. Nd6 Qg8 34. Qxf6+ 1-0

[Event "Baghdad op 6th"]
[Site "Baghdad"]
[Date "2018.03.15"]
[Round "2"]
[White "Khodashenas, Mersad"]
[Black "Kadhim, Najeeb"]
[Result "1-0"]
[WhiteElo "2404"]
[BlackElo "2078"]
[PlyCount "51"]
[EventDate "2018.03.14"]
[EventType "swiss"]
[EventRounds "9"]
[EventCountry "IRQ"]
[SourceTitle "CBM 183 Extra"]
[Source "ChessBase"]
[SourceDate "2018.04.19"]
[SourceVersion "1"]
[SourceVersionDate "2018.04.19"]
[SourceQuality "1"]

1. e4 e6 2. d4 d5 3. Nc3 dxe4 4. Nxe4 Nd7 5. Bd3 Ngf6 6. Qe2 Be7 7. Nf3 c5 8. Nxf6+ Nxf6 9. dxc5 Bxc5 10. 0-0 0-0 11. Bg5 Be7 12. Rad1 Qc7 13. c3 h6 14. Bh4 Qa5 15. Bb1 Re8 16. Ne5 g5 17. Bg3 Qb6 18. Kh1 h5 19. f4 g4 20. Qc2 Kg7 21. Bh4 Rg8 22. Bxf6+ Kxf6 23. Qh7 Rg7 24. Qh6+ Rg6 25. Bxg6 fxg6 26. Qxg6# 1-0